Städte in Ozeanien die über 50.000 Einwohner haben - Statistiken

Allgemein
  • Dieses Quiz wurde 71 mal gespielt
  • Das Durchschnittsergebnis liegt bei 15 aus 51
Antwortstatistiken
# Land Einwohner Stadt % Korrekt
1 Australien 4,627,345 Sydney
100%
2 Australien 4,246,375 Melbourne
97%
8 Neuseeland 381,900 Wellington
97%
9 Australien 367,752 Canberra
94%
4 Australien 1,896,548 Perth
94%
7 Neuseeland 417,910 Auckland
92%
3 Australien 2,189,878 Brisbane
85%
5 Australien 1,225,235 Adelaide
82%
10 Neuseeland 363,926 Christchurch
74%
14 Papua-Neuguinea 283,733 Port Moresby
73%
34 Fidschi 77,366 Suva
68%
23 Australien 129,062 Darwin
66%
17 Australien 216,656 Hobart
55%
6 Australien 591,473 Gold Coast
50%
46 Salomonen 56,298 Honiara
45%
21 Australien 153,075 Cairns
35%
31 Frankreich (Neukaledonien) 93,060 Noumea
31%
12 Australien 308,308 Newcastle
27%
13 Australien 292,190 Wollongong
27%
20 Neuseeland 178,500 Hamilton
24%
24 Neuseeland 114,347 Dunedin
21%
19 Australien 196,219 Townsville
18%
43 Australien 61,724 Rockhampton
15%
16 Australien 226,034 Geelong
13%
44 Neuseeland 59,200 Nelson
13%
37 Australien 74,219 Mackay
11%
25 Neuseeland 110,338 Tauranga
11%
41 Neuseeland 65,901 Rotorua
10%
22 Australien 131,258 Toowoomba
10%
36 Neuseeland 75,996 Palmerston North
8%
35 Papua-Neuguinea 76,255 Lae
6%
27 Australien 106,153 Launceston
6%
45 Neuseeland 56,787 Napier
6%
30 Australien 97,937 Ballarat
5%
29 Australien 100,617 Bendigo
5%
38 Australien 70,826 Bundaberg
5%
28 Neuseeland 101,194 Lower Hutt
5%
48 Australien 52,230 Hervey Bay
3%
42 Neuseeland 61,900 Porirua
3%
49 Neuseeland 50,900 Whangarei
3%
39 Australien 68,248 Bunbury
2%
32 Neuseeland 90,100 Hastings
2%
47 Fidschi 52,500 Lautoka
2%
40 Australien 67,132 Maitland
2%
26 Australien 108,022 Rockingham
2%
51 Australien 50,069 Craigieburn
0%
15 Australien 282,673 Logan City
0%
33 Australien 83,294 Mandurah
0%
11 Neuseeland 362,000 Manukau City
0%
18 Neuseeland 207,865 North Shore
0%
50 Australien 50,092 Reservoir
0%
Keine übereinstimmenden Quizze gefunden
Verteilung der Resultate
Anzahl Personen mit jedem Resultat
Perzentil nach korrekt beantworteten Fragen
Ihre Resultats-Entwicklung
Sie haben dieses Quiz noch nicht gespielt